[Event "Memorial Lara CIII"]
[Site "www.echecsemail.com"]
[Date "2026.01.01"]
[Round "1"]
[White "Emmanuel"]
[Black "Connecticcut"]
[WhiteElo "1940"]
[BlackElo "1860"]
[Result "0-1"]
1.b3 d5
2.Bc1b2 d4
3.e3 e5
4.exd4 exd4
5.Bf1b5 c6
6.Bb5c4 Bf8c5
7.Ng1f3 Ng8f6
8.O-O O-O
9.Bc4e2 Bc8g4
10.h3 Bg4h5
11.Nf3e5 Bh5xe2
12.Qd1xe2 Nb8d7
13.Ne5f3 h6
14.d3 Nf6d5
15.c4 Nd5f4
16.Qe2c2 Qd8f6
17.Bb2a3 Bc5xa3
18.Nb1xa3 c5
19.Ra1e1 b6
20.Na3b5 Qf6g6
21.Re1e4 Nf4xh3
22.Kh1 Nh3g5
23.Nf3xg5 Qg6xg5
24.Nb5c7 Ra8c8
25.Nc7d5 Rf8e8
26.Qc2e2 Re8xe4
27.Qe2xe4 Rc8d8
28.Nd5f4 Nd7f6
29.Qe4f3 Nf6g4
30.Kg1 h5
31.Rf1e1 g6
32.Nf4d5 f5
33.Nd5e7 Kf7
34.Ne7c6 Rd8d7
35.Qf3e2 Kg7
36.Qe2e8 Rd7f7
37.f3 Ng4f6
38.Nc6e7 Nf6xe8
{ abandon }0-1

[Event "Memorial Lara CIII"]
[Site "www.echecsemail.com"]
[Date "2026.01.01"]
[Round "1"]
[White "Connecticcut"]
[Black "Intrigue"]
[WhiteElo "1860"]
[BlackElo "1760"]
[Result "1-0"]
1.d4 Ng8f6
2.c4 c5
3.d5 b5
4.b3 g6
5.Bc1b2 Bf8g7
6.f3 bxc4
7.bxc4 d6
8.e4 O-O
9.Bf1d3 e6
10.Ng1e2 exd5
11.cxd5 Nb8d7
12.O-O Ra8b8
13.Bb2c3 Rf8e8
14.Nb1d2 Nd7e5
15.Nd2c4 Ne5xc4
16.Bd3xc4 Bc8d7
17.Ra1b1 Rb8xb1
18.Qd1xb1 Qd8b8
19.Qb1d3 Qb8c7
20.Ne2g3 h5
21.h4 Nf6h7
22.Bc3xg7 Kxg7
23.f4 Bd7g4
24.f5 gxf5
25.exf5 Nh7f6
26.Qd3d2 Nf6e4
27.Ng3xe4 Re8xe4
28.Qd2g5 Kf8
29.Qg5h6 Kg8
30.f6 { abandon }1-0

[Event "Défi"]
[Site "www.echecsemail.com"]
[Date "2026.01.01"]
[Round "1"]
[White "Coincoin18"]
[Black "Tizi"]
[WhiteElo "2650"]
[BlackElo "1770"]
[Result "1-0"]
1.d4 d5
2.c4 Ng8f6
3.cxd5 Nf6xd5
4.e4 Nd5b6
5.Nb1c3 e6
6.Ng1f3 Bf8b4
7.Bf1e2 Nb8c6
8.O-O Bc8d7
9.Qd1c2 Bb4xc3
10.bxc3 O-O
11.Bc1e3 Nc6a5
12.c4 Bd7a4
13.Qc2c3 Na5c6
14.Ra1b1 Qd8f6
15.c5 Nb6d7
16.Rb1xb7 Qf6d8
17.d5 exd5
18.exd5 Nc6e7
19.Qc3c4 Ba4c6
20.dxc6 Ne7xc6
21.Qc4f4 Ra8c8
22.Rf1d1 Qd8e8
23.Rb7xc7 Rc8xc7
24.Qf4xc7 Nd7e5
25.Be2b5 Qe8e6
26.Nf3xe5 Nc6xe5
27.Qc7d6 Qe6f5
28.c6 h6
29.c7 Qf5c8
30.Qd6xe5 Rf8e8
31.Qe5xe8 Qc8xe8
32.Bb5xe8 Kf8
33.c8Q Ke7
34.Qc8d7 Kf6
35.Qd7xf7 Ke5
36.Rd1d5 Ke4
37.Qf7f5 1-0

[Event "Tournoi n27359"]
[Site "www.echecsemail.com"]
[Date "2026.01.01"]
[Round "1"]
[White "Tiounet"]
[Black "Verson"]
[WhiteElo "1670"]
[BlackElo "1890"]
[Result "0-1"]
1.a3 d5
2.b4 Ng8f6
3.Bc1b2 e6
4.g3 Bf8d6
5.Bf1g2 Nb8d7
6.e3 O-O
7.Ng1e2 e5
8.O-O c6
9.d3 Rf8e8
10.Nb1d2 Nd7f8
11.c4 Bc8f5
12.c5 Bd6c7
13.e4 Bf5g4
14.Rf1e1 Qd8d7
15.exd5 cxd5
16.Qd1c2 Bg4h3
17.Bg2h1 Qd7f5
18.Nd2f3 e4
19.dxe4 Nf6xe4
20.Ne2f4 Bc7xf4
21.gxf4 Qf5g4
{ abandon }0-1

[Event "Défi( 10J+24H/c 10J Max )"]
[Site "www.echecsemail.com"]
[Date "2026.01.01"]
[Round "1"]
[White "Sam"]
[Black "Sylvia13"]
[WhiteElo "1650"]
[BlackElo "1580"]
[Result "1-0"]
1.e4 Nb8c6
2.d4 e6
3.d5 Nc6e5
4.f4 Ne5g6
5.Ng1f3 Bf8d6
6.e5 Bd6c5
7.Bf1c4 f6
8.exf6 Ng8xf6
9.Nb1c3 Bc5b4
10.O-O Bb4c5
11.Kh1 Nf6g4
12.Qd1e2 Qd8f6
13.Nc3e4 Qf6e7
14.Ne4g5 Qe7d6
15.dxe6 Qd6e7
16.exd7 Bc8xd7
17.Bc4f7 Kf8
18.Qe2c4 Ng4f2
19.Kg1 Nf2h3
20.Kh1 h6
21.Ng5xh3 Rh8h7
22.Bf7xg6 Rh7h8
23.Rf1e1 b5
24.Re1xe7 bxc4
25.Re7xd7 Bc5b6
26.Nf3e5 Ra8c8
27.Rd7f7 Ke8
28.Rf7xc7 Kd8
29.Rc7d7 1-0

[Event "Noël 2025 n2"]
[Site "www.echecsemail.com"]
[Date "2026.01.01"]
[Round "1"]
[White "Verson"]
[Black "Eldiablo90"]
[WhiteElo "1890"]
[BlackElo "2790"]
[Result "0-1"]
1.d4 f5
2.Ng1f3 Ng8f6
3.e3 g6
4.Bf1d3 b6
5.Nb1d2 Bc8b7
6.O-O e6
7.b3 Bf8g7
8.Bc1b2 O-O
9.Qd1e2 a5
10.c4 c5
11.Nf3e5 d6
12.Ne5f3 Nf6d7
13.e4 Nb8c6
14.Qe2e3 cxd4
15.Nf3xd4 Bg7xd4
16.Bb2xd4 f4
17.Qe3h3 Nc6xd4
{ abandon }0-1

[Event "Tournoi n27339"]
[Site "www.echecsemail.com"]
[Date "2026.01.01"]
[Round "1"]
[White "Geantvert"]
[Black "Lbd26"]
[WhiteElo "1900"]
[BlackElo "1860"]
[Result "0-1"]
1.c4 e5
2.Nb1c3 Ng8f6
3.g3 a6
4.Bf1g2 Bf8c5
5.e3 O-O
6.Ng1e2 c6
7.O-O d5
8.d4 exd4
9.exd4 Bc5a7
10.c5 b5
11.Bc1f4 Bc8g4
12.Qd1c2 Rf8e8
13.Ra1e1 g6
14.h3 Bg4f5
15.Qc2d2 Nb8d7
16.g4 Bf5e6
17.Bf4g5 Ba7b8
18.Ne2f4 Qd8c7
19.Nf4xe6 Qc7h2
0-1

[Event "Défi"]
[Site "www.echecsemail.com"]
[Date "2026.01.01"]
[Round "1"]
[White "Mokanne"]
[Black "Katastrofic"]
[WhiteElo "1430"]
[BlackElo "1430"]
[Result "1-0"]
1.e4 c5
2.b3 e6
3.Bf1e2 Bf8e7
4.d3 d6
5.Bc1d2 Ng8f6
6.Bd2c3 e5
7.Bc3b2 O-O
8.h3 a6
9.Be2g4 Nb8c6
10.c3 Bc8xg4
11.hxg4 h6
12.Bb2c1 Nf6h7
13.Qd1f3 Be7g5
14.Nb1d2 b5
15.a3 Bg5e7
16.Bc1b2 Nh7g5
17.Qf3e2 Ng5h7
18.f3 a5
19.Qe2f2 Be7g5
20.Bb2c1 b4
21.Bc1b2 bxc3
22.Bb2xc3 a4
23.Ng1e2 axb3
24.Nd2xb3 Ra8b8
25.Ne2g3 Nc6e7
26.Nb3a5 Rb8b6
27.Na5c4 Rb6b3
28.Qf2c2 Rb3b7
29.Ng3e2 Qd8c7
30.Ne2g3 Rf8b8
31.Kf2 Ne7g6
32.Bc3a5 Qc7c6
33.Ba5c3 d5
34.Nc4a5 Rb7b5
35.Na5xc6 Rb8b6
36.Nc6a5 d4
37.Na5c4 Rb6b8
38.Rh1b1 Rb5xb1
39.Ra1xb1 { abandon }1-0

[Event "Tournoi échelle"]
[Site "www.echecsemail.com"]
[Date "2026.01.01"]
[Round "1"]
[White "Verson"]
[Black "Eldiablo90"]
[WhiteElo "1810"]
[BlackElo "2790"]
[Result "0-1"]
1.d4 Ng8f6
2.Ng1f3 d5
3.e3 c5
4.c3 e6
5.Bf1d3 Nb8d7
6.Nb1d2 b6
7.O-O Bc8b7
8.Qd1e2 Nf6e4
9.Nf3e5 Nd7xe5
10.dxe5 a6
11.Qe2g4 h5
12.Qg4e2 Qd8c7
13.f4 h4
14.Nd2f3 h3
15.g3 f6
16.Nf3d2 Qc7c6
17.Nd2xe4 dxe4
18.Bd3c4 b5
19.Bc4b3 c4
20.Bb3c2 O-O-O
21.b3 f5
22.Bc1b2 Rd8d3
23.bxc4 Rd3xe3
24.Qe2d2 Bf8c5
25.Ra1d1 Re3xg3
{ abandon }0-1

[Event "Défi"]
[Site "www.echecsemail.com"]
[Date "2026.01.01"]
[Round "1"]
[White "Plaisance"]
[Black "Khamis"]
[WhiteElo "1950"]
[BlackElo "1830"]
[Result "1-0"]
1.d4 d5
2.Ng1f3 Ng8f6
3.e3 Bc8g4
4.h3 Bg4h5
5.g4 Bh5g6
6.Nf3e5 Bg6e4
7.f3 Be4g6
8.h4 h6
9.Ne5xg6 fxg6
10.Qd1d3 Kf7
11.Nb1c3 e6
12.Bf1g2 Bf8d6
13.O-O Bd6g3
14.e4 Bg3xh4
15.e5 Nf6d7
16.Nc3e2 g5
17.b3 Qd8g8
18.c4 Qg8h7
19.Qd3d2 Rh8f8
20.f4 Kg8
21.cxd5 c6
22.dxe6 Nd7b6
23.f5 Rf8e8
24.Qd2b4 Nb8a6
25.Qb4d2 Ra8d8
26.Bc1a3 Nb6d5
27.Bg2e4 Kh8
28.Qd2d3 Qh7g8
29.f6 gxf6
30.exf6 Nd5b4
31.Ba3xb4 Na6xb4
32.f7 Qg8f8
33.fxe8Q Qf8xe8
34.Qd3c4 Nb4d5
35.Qc4d3 Qe8xe6
36.Qd3f3 Rd8e8
37.Be4xd5 cxd5
38.Ne2c3 Qe6e3
39.Qf3xe3 Re8xe3
40.Ra1c1 Re3g3
41.Kh2 Rg3xg4
42.Rf1f3 Rg4xd4
43.Rf3f7 Rd4d2
44.Kh3 d4
45.Nc3e4 Rd2e2
46.Rc1c8 1-0

[Event "SOUPE UNE BONNE SOUPE"]
[Site "www.echecsemail.com"]
[Date "2026.01.01"]
[Round "1"]
[White "Tartu"]
[Black "Katastrofic"]
[WhiteElo "1660"]
[BlackElo "1460"]
[Result "1-0"]
1.d4 f5
2.c4 b6
3.g3 e6
4.Bf1g2 c6
5.Nb1c3 Bf8e7
6.e4 c5
7.Ng1e2 d6
8.O-O Ng8f6
9.h3 O-O
10.Bc1e3 Bc8b7
11.exf5 Bb7xg2
12.Kxg2 a6
13.fxe6 Nb8c6
14.d5 Nc6a5
15.b3 h6
16.Ne2f4 Ra8b8
17.Nf4g6 Rf8e8
18.Qd1c2 Rb8b7
19.a3 Be7f8
20.Ra1b1 b5
21.cxb5 Qd8a8
22.a4 axb5
23.Nc3xb5 Nf6xd5
24.Ng6xf8 Nd5xe3
25.fxe3 Re8xf8
26.Rf1xf8 Qa8xf8
27.Rb1f1 Qf8e7
28.Qc2d2 Na5xb3
29.Qd2xd6 Nb3d2
30.Rf1d1 Nd2c4
31.Qd6xe7 Rb7xe7
32.Kf3 Re7xe6
33.e4 Nc4b2
34.Rd1d8 Kh7
35.Nb5c3 c4
36.a5 Re6a6
37.Rd8d5 g6
38.e5 { abandon }1-0

[Event "Memorial Lara CIII"]
[Site "www.echecsemail.com"]
[Date "2026.01.01"]
[Round "1"]
[White "Intrigue"]
[Black "Connecticcut"]
[WhiteElo "1760"]
[BlackElo "1860"]
[Result "0-1"]
1.Ng1f3 d5
2.d4 Bc8f5
3.Bc1f4 Bf5e4
4.e3 Be4xf3
5.Qd1xf3 Ng8f6
6.Nb1c3 e6
7.Bf1d3 Bf8d6
8.Bf4xd6 cxd6
9.O-O O-O
10.Ra1e1 Nb8c6
11.a3 h6
12.b4 a6
13.b5 axb5
14.Nc3xb5 Nc6e7
15.Re1a1 Ne7g6
16.Rf1b1 b6
17.a4 Nf6e4
18.Bd3xe4 dxe4
19.Qf3xe4 d5
20.Qe4d3 Qd8e7
21.h3 f5
22.c4 dxc4
23.Qd3xc4 Rf8c8
24.Qc4b3 f4
25.e4 Kh8
26.d5 e5
27.d6 Qe7g5
28.d7 Rc8d8
29.Rb1d1 Ng6h4
30.g3 fxg3
31.fxg3 Nh4g6
32.Kh2 Qg5e7
33.Rd1d6 Rd8xd7
34.Rd6xg6 Rd7d2
35.Kh1 Ra8f8
36.Ra1a2 Rf8f1
0-1

[Event "Memorial Lara CIII"]
[Site "www.echecsemail.com"]
[Date "2026.01.01"]
[Round "1"]
[White "Intrigue"]
[Black "Emmanuel"]
[WhiteElo "1760"]
[BlackElo "1940"]
[Result "0-1"]
1.e4 d5
2.exd5 Ng8f6
3.Nb1c3 Nf6xd5
4.Nc3xd5 Qd8xd5
5.d4 Nb8c6
6.Ng1f3 Bc8g4
7.c3 O-O-O
8.Bf1e2 e6
9.O-O h5
10.c4 Qd5d6
11.Bc1e3 Bf8e7
12.a3 a5
13.Qd1a4 Bg4xf3
14.Be2xf3 Nc6xd4
15.Be3xd4 Qd6xd4
16.Ra1d1 Qd4b6
17.b4 Rd8xd1
18.Rf1xd1 Rh8d8
19.h3 Rd8xd1
20.Qa4xd1 axb4
21.axb4 Qb6xb4
22.Qd1c1 g6
23.g3 Qb4c5
24.Kg2 b5
25.Qc1a1 Qc5xc4
26.Qa1a8 Kd7
27.h4 c6
28.Qa8b7 Kd6
29.Qb7b8 Kd7
30.Qb8b7 Kd6
31.Qb7b8 Kd7
32.Qb8b7 Ke8
33.Bf3xc6 Kf8
34.Bc6xb5 Qc4c5
35.Qb7a6 Kg7
36.Bb5e2 Qc5e5
37.Be2f3 Be7c5
38.Qa6c4 Qe5d4
39.Qc4e2 e5
40.Qe2c2 f5
41.Bf3b7 e4
42.Qc2a2 e3
43.Bb7f3 exf2
44.Qa2xf2 Qd4xf2
{ abandon }0-1

[Event "UBIQUITE"]
[Site "www.echecsemail.com"]
[Date "2026.01.01"]
[Round "1"]
[White "Katastrofic"]
[Black "Mindthegap"]
[WhiteElo "1440"]
[BlackElo "1430"]
[Result "0-1"]
1.e4 e5
2.Ng1f3 Ng8f6
3.Nf3xe5 d6
4.Ne5f3 Nf6xe4
5.d4 d5
6.Bf1d3 Bf8e7
7.O-O O-O
8.c3 Nb8c6
9.h3 Bc8e6
10.Bd3xe4 dxe4
11.Nf3e5 f5
12.Ne5xc6 bxc6
13.a3 Be7d6
14.g3 f4
15.Kh2 Qd8d7
16.g4 f3
17.Kh1 Be6xg4
18.h4 Bg4h5
{ abandon }0-1

[Event "Memorial Lara CIII"]
[Site "www.echecsemail.com"]
[Date "2026.01.01"]
[Round "1"]
[White "Intrigue"]
[Black "Orosco"]
[WhiteElo "1760"]
[BlackElo "2270"]
[Result "0-1"]
1.d4 Ng8f6
2.c4 e6
3.Bc1g5 h6
4.Bg5h4 Bf8b4
5.Nb1d2 c5
6.e3 cxd4
7.exd4 Qd8b6
8.Bh4xf6 Bb4xd2
9.Qd1xd2 gxf6
10.Ng1f3 d6
11.Bf1d3 Nb8c6
12.Bd3e2 Bc8d7
13.b3 O-O-O
14.O-O e5
15.d5 Nc6e7
16.Rf1c1 Kb8
17.b4 Bd7f5
18.a4 Qb6c7
19.b5 Ne7g6
20.a5 Qc7c5
21.b6 Ng6f4
22.bxa7 Qc5xa7
23.Qd2e3 Qa7xe3
24.fxe3 Nf4xe2
{ abandon }0-1

[Event "Tournoi n27336"]
[Site "www.echecsemail.com"]
[Date "2026.01.01"]
[Round "1"]
[White "Tiounet"]
[Black "Vb83"]
[WhiteElo "1640"]
[BlackElo "1420"]
[Result "1-0"]
1.a3 d5
2.b4 e6
3.Bc1b2 Ng8f6
4.g3 c6
5.Bf1g2 g6
6.Ng1f3 Qd8b6
7.Bb2xf6 Rh8g8
8.O-O Nb8d7
9.Bf6b2 Bf8g7
10.Bb2xg7 Rg8xg7
11.e3 a5
12.c3 a4
13.Nf3d4 Nd7e5
14.Qd1c2 Ne5c4
15.d3 Nc4d6
16.Nb1d2 e5
17.Nd4f3 h6
18.Nf3xe5 f6
19.Ne5f3 g5
20.Nf3d4 Ke7
21.c4 dxc4
22.Nd2xc4 Nd6xc4
23.Qc2xc4 Bc8e6
24.Qc4xe6 Kf8
25.Qe6xf6 Rg7f7
26.Nd4e6 Ke8
27.Qf6h8 { abandon }1-0

[Event "Défi"]
[Site "www.echecsemail.com"]
[Date "2026.01.01"]
[Round "1"]
[White "Artistepeintre"]
[Black "Prince"]
[WhiteElo "1550"]
[BlackElo "1840"]
[Result "0-1"]
1.e4 e5
2.Ng1f3 d6
3.h3 Bf8e7
4.g3 Ng8f6
5.d3 c5
6.Bc1d2 Bc8e6
7.Bf1g2 Nb8c6
8.c3 b6
9.Qd1a4 Be6d7
10.Nf3g5 Nc6a5
11.c4 Bd7xa4
12.b3 Ba4d7
13.Nb1c3 Nf6g8
14.Ng5f3 Ng8f6
15.h4 b5
16.cxb5 a6
17.a4 Bd7e6
18.O-O Na5xb3
19.Ra1b1 axb5
20.Bd2g5 bxa4
21.Nc3b5 Qd8a5
22.Bg5xf6 Be7xf6
23.Nb5xd6 Ke7
24.Nd6b7 Qa5c7
25.Nb7xc5 Qc7xc5
26.g4 Be6xg4
27.Nf3h2 Bg4e6
28.Bg2f3 Bf6xh4
29.Bf3d1 Rh8b8
30.Nh2f3 Bh4f6
31.Kg2 Nb3a5
32.Rb1c1 Qc5xc1
33.Bd1xa4 Qc1a3
34.Ba4c2 Be6b3
35.Bc2b1 Rb8c8
36.Nf3d2 Bb3a2
37.Kf3 Ba2xb1
38.Nd2xb1 Qa3xd3
39.Kg2 Qd3xe4
40.f3 Qe4e2
41.Kg1 e4
42.fxe4 Qe2xf1
43.Kxf1 Rc8c1
44.Kg2 Rc1xb1
45.Kf3 Na5c6
{ abandon }0-1

[Event "Coupe Niveau 4"]
[Site "www.echecsemail.com"]
[Date "2026.01.01"]
[Round "1"]
[White "Patau"]
[Black "Teaspoon"]
[WhiteElo "1670"]
[BlackElo "2010"]
[Result "1/2-1/2"]
1.e4 c5
2.Ng1f3 d6
3.g3 Ng8f6
4.d3 g6
5.Bf1g2 Bf8g7
6.O-O O-O
7.Nb1d2 Nb8c6
8.Rf1e1 Bc8d7
9.Nd2f1 b5
10.Bc1f4 a5
11.d4 cxd4
12.Nf3xd4 b4
13.e5 dxe5
14.Nd4xc6 Bd7xc6
15.Bf4xe5 Bc6xg2
16.Kxg2 Qd8xd1
17.Ra1xd1 Ra8c8
18.c3 e6
19.cxb4 axb4
20.Re1e2 Rf8d8
21.Nf1e3 Rd8xd1
22.Ne3xd1 Rc8c1
23.Nd1e3 Rc1a1
24.b3 Ra1c1
25.Ne3c4 Nf6d5
26.Be5xg7 Kxg7
27.a4 bxa3
28.Nc4xa3 Rc1a1
29.Na3c4 Ra1b1
30.Nc4a5 Nd5c7
31.Re2c2 Nc7d5
32.Kf3 g5
33.Ke4 Kg6
34.Kd4 Nd5b4
35.Rc2c4 Nb4a6
36.f4 Rb1d1
37.Ke3 gxf4
38.Kxf4 f6
39.b4 e5
40.Ke3 Rd1b1
41.Na5c6 Kg5
42.h4 Kg6
43.Ke4 h5
44.Kd5 Kf7
45.Nc6xe5 fxe5
46.Kxe5 Rb1xb4
47.Rc4xb4 Na6xb4
48.Kf5 Kg7
49.Kg5 Nb4d5
50.Kxh5 Nd5e3
51.Kg5 Ne3f1
52.g4 Nf1e3
{ nul }1/2-1/2

[Event "Tournoi n27362"]
[Site "www.echecsemail.com"]
[Date "2026.01.01"]
[Round "1"]
[White "Wenoketo"]
[Black "Tiounet"]
[WhiteElo "1630"]
[BlackElo "1690"]
[Result "1-0"]
1.d4 b5
2.Ng1f3 Bc8b7
3.Bc1f4 Ng8f6
4.e3 g6
5.Bf1e2 a6
6.Nb1d2 Bf8g7
7.O-O O-O
8.h3 Rf8e8
9.a3 d6
10.Ra1c1 Nb8d7
11.c4 bxc4
12.Be2xc4 c5
13.Qd1b3 Ra8b8
14.Bc4xf7 Kh8
15.Bf7xe8 Qd8xe8
16.Qb3a2 Bb7d5
17.Qa2a1 cxd4
18.exd4 Nf6h5
19.Bf4e3 Nd7b6
20.Qa1b1 Nb6a4
21.b4 a5
22.Qb1d3 axb4
23.axb4 Rb8xb4
24.Qd3e2 Na4b2
25.Nf3e1 Nh5f6
26.g3 Qe8a8
27.Ne1c2 Rb4a4
28.Rc1a1 Nb2c4
29.Ra1xa4 Nc4xd2
30.Ra4xa8 { abandon }1-0

[Event "gewinner"]
[Site "www.echecsemail.com"]
[Date "2026.01.01"]
[Round "1"]
[White "Luc20"]
[Black "Anton17"]
[WhiteElo "1860"]
[BlackElo "1420"]
[Result "1-0"]
1.b4 e5
2.b5 d5
3.Bc1b2 d4
4.d3 Bc8d7
5.a4 Ng8f6
6.Nb1d2 a6
7.bxa6 Ra8xa6
8.c4 Bf8b4
9.Ng1f3 O-O
10.g3 Bb4xd2
11.Nf3xd2 Ra6b6
12.Qd1c2 Nb8c6
13.a5 Rb6a6
14.Bf1g2 Nc6xa5
15.O-O Bd7c6
16.Nd2b3 Bc6xg2
17.Kxg2 Na5xb3
18.Ra1xa6 bxa6
19.Qc2xb3 Qd8a8
20.f3 h6
21.Rf1a1 Nf6h7
22.Qb3a4 Qa8c8
23.Qa4xa6 Qc8d7
24.Ra1a5 Nh7g5
25.g4 Rf8b8
26.Ra5b5 Rb8xb5
27.Qa6xb5 Qd7xb5
28.cxb5 Kf8
29.Kf2 Ke7
30.Bb2a3 Kd7
31.Ba3f8 Ng5e6
32.Bf8a3 Kc8
33.e3 Kb7
34.exd4 exd4
35.f4 Kb6
36.Kf3 Kxb5
37.f5 Ne6c5
38.Ba3xc5 Kxc5
39.Ke4 f6
40.h3 g5
41.fxg6 Kd6
42.g7 c5
43.g8Q { abandon }1-0

[Event "Défi( 10J+24H/c 10J Max )"]
[Site "www.echecsemail.com"]
[Date "2026.01.01"]
[Round "1"]
[White "Tunnellavage"]
[Black "Matsonic"]
[WhiteElo "1790"]
[BlackElo "1830"]
[Result "0-1"]
1.e4 c5
2.Ng1f3 d6
3.Bf1c4 Ng8f6
4.d3 e6
5.Nb1c3 a6
6.a3 b5
7.Bc4a2 Bf8e7
8.O-O O-O
9.h3 Bc8b7
10.Bc1f4 h6
11.Nc3e2 e5
12.Bf4h2 Qd8c7
13.Ne2g3 Bb7c8
14.c3 a5
15.Kh1 Nb8c6
16.Qd1e2 b4
17.axb4 cxb4
18.Nf3e1 bxc3
19.bxc3 Rf8d8
20.Ne1c2 d5
21.Ra1d1 dxe4
22.dxe4 Nc6a7
23.c4 Ra8b8
24.Nc2e3 g6
25.Ne3d5 Nf6xd5
26.cxd5 Na7b5
27.Rd1c1 Qc7a7
28.Rc1b1 Nb5c3
{ abandon }0-1

[Event "Défi"]
[Site "www.echecsemail.com"]
[Date "2026.01.01"]
[Round "1"]
[White "Mokanne"]
[Black "Castor"]
[WhiteElo "1450"]
[BlackElo "1340"]
[Result "0-1"]
1.e4 c6
2.Nb1c3 d6
3.d4 Ng8f6
4.Bf1d3 d5
5.e5 Nf6d7
6.h3 e6
7.Ng1f3 h6
8.O-O Bf8b4
9.Nc3b1 O-O
10.Bc1d2 Bb4e7
11.c3 f6
12.Bd2f4 fxe5
13.Nf3xe5 Rf8xf4
14.g3 Rf4f8
15.Qd1g4 Nd7f6
16.Ne5g6 Nf6xg4
17.hxg4 Rf8f3
18.Bd3e2 Rf3f6
19.Be2d3 c5
20.dxc5 Be7xc5
21.b4 Bc5b6
22.Ng6e5 Nb8d7
23.Ne5xd7 Bc8xd7
24.Nb1d2 Qd8f8
{ abandon }0-1

[Event "Défi"]
[Site "www.echecsemail.com"]
[Date "2026.01.01"]
[Round "1"]
[White "Gilberthellemans"]
[Black "Tunnellavage"]
[WhiteElo "1540"]
[BlackElo "1730"]
[Result "0-1"]
1.e4 e5
2.Ng1f3 Nb8c6
3.Bf1c4 Bf8c5
4.Nb1c3 Ng8f6
5.a3 a6
6.d3 d6
7.Bc1g5 h6
8.Bg5h4 Bc8g4
9.Nc3d5 Nc6d4
10.Bh4xf6 gxf6
11.O-O Nd4xf3
12.gxf3 Bg4h5
13.b4 Bc5a7
14.Nd5e3 Kd7
15.Ne3g4 Rh8g8
16.h3 Rg8g7
17.Kh2 Ba7d4
18.Ra1b1 Bh5xg4
19.fxg4 Qd8g8
20.f3 Bd4e3
21.Qd1e2 Be3f4
22.Kh1 Qg8h7
23.a4 Ra8h8
24.b5 a5
25.Qe2f2 b6
26.Rf1g1 Qh7g6
27.Rb1e1 Rg7h7
28.Kg2 h5
29.g5 fxg5
30.Kf1 h4
31.Qf2g2 Bf4g3
32.Re1c1 Rh8f8
33.c3 Bg3f4
34.Rc1d1 Bf4e3
35.Rg1h1 f5
36.Qg2e2 Be3c5
37.Bc4d5 Rh7g7
38.d4 exd4
39.Qe2b2 dxc3
40.Qb2xc3 fxe4
41.Bd5xe4 Qg6f7
42.Kg2 g4
43.hxg4 Rf8h8
44.Be4d5 Qf7f8
45.Qc3e1 Rg7e7
46.Bd5c6 Kc8
47.Qe1d2 Bc5e3
48.Qd2d3 Kb8
49.Rd1e1 Qf8f4
50.Bc6e4 Qf4g3
{ abandon }0-1

[Event "Tournoi n27361"]
[Site "www.echecsemail.com"]
[Date "2026.01.01"]
[Round "1"]
[White "Tiounet"]
[Black "Wenoketo"]
[WhiteElo "1670"]
[BlackElo "1640"]
[Result "1-0"]
1.a3 d5
2.b4 Ng8f6
3.Bc1b2 e6
4.g3 Nb8d7
5.Bf1g2 Bf8e7
6.Ng1f3 O-O
7.O-O Ra8b8
8.d3 c6
9.Nb1d2 h6
10.c4 dxc4
11.Nd2xc4 Nd7b6
12.Nc4e5 Nb6d5
13.Ra1c1 Be7d6
14.Ne5c4 Qd8c7
15.Nc4xd6 Qc7xd6
16.Bb2e5 { abandon }1-0

[Event "Tournoi échelle champions"]
[Site "www.echecsemail.com"]
[Date "2026.01.01"]
[Round "1"]
[White "Elghribi"]
[Black "Darkknight99"]
[WhiteElo "1890"]
[BlackElo "1980"]
[Result "0-1"]
1.e4 e6
2.d4 d5
3.e5 c5
4.c3 Qd8b6
5.Ng1f3 Bc8d7
6.Bf1d3 cxd4
7.cxd4 Bd7b5
8.O-O Bb5xd3
9.Qd1xd3 Ng8e7
10.Nb1c3 Ne7f5
11.a3 Nb8c6
12.Nc3e2 Ra8c8
13.b4 a6
14.Bc1b2 Bf8e7
15.Ra1c1 O-O
16.Rc1c2 Be7xb4
17.Rc2xc6 Rc8xc6
18.axb4 Rf8c8
19.Bb2a3 Qb6c7
20.g4 Nf5e7
21.Nf3d2 b5
22.Nd2b3 Qc7d8
23.Nb3c5 Ne7g6
24.Qd3g3 a5
25.f4 axb4
26.Ba3xb4 Rc8a8
27.f5 exf5
28.gxf5 Ra8a2
29.Ne2c3 Ra2b2
30.fxg6 Rc6xg6
31.Qg3xg6 hxg6
32.Rf1b1 Qd8g5
{ abandon }0-1

[Event "Défi( 10J+24H/c 10J Max )"]
[Site "www.echecsemail.com"]
[Date "2026.01.01"]
[Round "1"]
[White "Tunnellavage"]
[Black "Mokanne"]
[WhiteElo "1800"]
[BlackElo "1450"]
[Result "1-0"]
1.e4 a6
2.a4 b6
3.Bf1c4 g6
4.Nb1c3 Bf8g7
5.Ng1e2 e6
6.d3 Bc8b7
7.O-O e5
8.f4 Nb8c6
9.f5 g5
10.Nc3d5 Ng8h6
11.f6 Bg7f8
12.Bc1xg5 Nh6g8
13.Ne2g3 Bf8c5
14.Kh1 Nc6b8
15.Ng3f5 h6
16.Nf5g7 Kf8
17.Bg5h4 c6
18.Nd5e7 Bc5xe7
19.fxe7 Qd8xe7
20.Bh4xe7 Ng8xe7
21.Rf1xf7 Kg8
22.Rf7xe7 Kf8
23.Re7f7 Kg8
24.Rf7xd7 Kf8
25.Qd1f3 1-0

[Event "Memorial Lara CIII"]
[Site "www.echecsemail.com"]
[Date "2026.01.01"]
[Round "1"]
[White "Emmanuel"]
[Black "Orosco"]
[WhiteElo "1940"]
[BlackElo "2270"]
[Result "0-1"]
1.e4 c5
2.Nb1c3 d6
3.Ng1f3 Ng8f6
4.d4 cxd4
5.Nf3xd4 a6
6.Bf1d3 e5
7.Nd4f3 Bf8e7
8.O-O O-O
9.h3 Bc8e6
10.Nf3h2 Nb8c6
11.Bc1e3 d5
12.exd5 Nf6xd5
13.Be3d2 Nd5b4
14.Bd3e4 f5
15.Be4xc6 Nb4xc6
16.Nh2f3 e4
17.Nf3h2 Qd8c7
18.g3 Ra8d8
19.Qd1e2 Nc6d4
20.Qe2d1 Be7f6
21.Ra1b1 Bf6e5
22.Qd1h5 Nd4xc2
23.Rb1d1 Be6c4
24.a3 e3
25.Bd2xe3 Nc2xe3
26.fxe3 Be5xc3
27.Rd1xd8 Qc7xg3
28.Kh1 Rf8xd8
29.Qh5xf5 Bc3e5
30.Rf1f2 Rd8d1
{ abandon }0-1

[Event "Schachspiel2"]
[Site "www.echecsemail.com"]
[Date "2026.01.01"]
[Round "1"]
[White "Titit1"]
[Black "Anton17"]
[WhiteElo "1370"]
[BlackElo "1420"]
[Result "0-1"]
1.c4 e5
2.e4 Ng8f6
3.Nb1c3 Bf8c5
4.Qd1e2 d6
5.h3 Nb8c6
6.Ng1f3 O-O
7.d3 Nc6d4
8.Nf3xd4 Bc5xd4
9.Nc3d1 c6
10.f3 Nf6h5
11.Bc1e3 Nh5g3
12.Qe2d2 Bd4xe3
13.Qd2xe3 Ng3xh1
14.Nd1f2 Qd8h4
15.O-O-O Qh4xf2
16.Qe3g5 Nh1g3
17.h4 Ng3xf1
18.Rd1xf1 Qf2xf1
19.Kc2 Qf1e2
20.Kb3 Qe2xd3
21.Kb4 a5
22.Ka4 Qd3xc4
23.Ka3 Qc4b4
0-1

[Event "Tournoi n27276"]
[Site "www.echecsemail.com"]
[Date "2026.01.01"]
[Round "1"]
[White "Nogean"]
[Black "Aramis"]
[WhiteElo "1660"]
[BlackElo "1550"]
[Result "1-0"]
1.c4 e5
2.Nb1c3 Ng8f6
3.Ng1f3 d6
4.g3 Bf8e7
5.Bf1g2 h6
6.O-O O-O
7.d3 c6
8.Ra1b1 Bc8e6
9.b4 a6
10.a4 Nb8d7
11.b5 c5
12.Nf3d2 Ra8a7
13.h3 axb5
14.axb5 b6
15.Bc1b2 Nf6h7
16.Nc3d5 Be6xd5
17.Bg2xd5 Nd7f6
18.Bd5g2 Nh7g5
19.Rb1a1 Ra7d7
20.Qd1c2 Rd7c7
21.Ra1a6 Nf6d7
22.Rf1a1 Rc7c8
23.Ra6a8 Rc8xa8
24.Ra1xa8 Qd8c7
25.Qc2a4 Rf8xa8
26.Qa4xa8 Kh7
27.Nd2e4 f6
28.Ne4xg5 fxg5
29.Bg2e4 g6
30.Qa8e8 Nd7f8
31.Qe8f7 Kh8
32.Be4xg6 Nf8xg6
33.Qf7xg6 Be7f8
34.Bb2c1 Qc7g7
35.Qg6e4 Qg7a7
36.Bc1b2 Qa7d7
37.Kg2 Bf8g7
38.f3 Qd7c8
39.g4 Qc8d8
40.Qe4d5 Qd8e8
41.Qd5xd6 Qe8f8
42.Qd6xf8 Bg7xf8
43.Bb2xe5 Kg8
44.Be5c7 Kf7
45.Bc7xb6 Ke6
46.Bb6a7 Kd7
47.b6 Kc8
48.Kf2 Kb7
49.Ke3 Bf8g7
50.Ke4 Bg7f8
51.Kf5 Bf8d6
52.Kg6 Bd6b8
53.Ba7xb8 Kxb8
54.Kxh6 Kb7
55.Kxg5 Kxb6
56.h4 Kc6
57.h5 { abandon }1-0

[Event "Tournoi n27353"]
[Site "www.echecsemail.com"]
[Date "2026.01.01"]
[Round "1"]
[White "Aramis"]
[Black "Tiounet"]
[WhiteElo "1550"]
[BlackElo "1650"]
[Result "1-0"]
1.e4 a6
2.Bf1d3 b5
3.b4 Bc8b7
4.Bc1b2 e6
5.Ng1f3 Ng8f6
6.Qd1e2 Bf8xb4
7.c3 Bb4f8
8.O-O g6
9.Nb1a3 Bf8g7
10.Ra1b1 O-O
11.c4 bxc4
12.Na3xc4 Qd8c8
13.Bb2c3 d5
14.exd5 Nf6xd5
15.Bc3xg7 Kxg7
16.Bd3e4 Nd5f4
17.Qe2e3 Bb7xe4
18.Qe3xe4 Nf4d5
19.Nf3g5 Nb8d7
20.Nc4e5 Nd7xe5
21.Qe4xe5 Kg8
22.Qe5g3 c5
23.Qg3h3 h5
24.Ng5e4 Nd5f4
25.Ne4f6 Kg7
26.Qh3f3 g5
27.Nf6xh5 Nf4xh5
28.Qf3xh5 f6
29.Rb1c1 Rf8h8
30.Qh5f3 f5
31.h3 Rh8d8
32.Qf3h5 Kf6
33.Qh5h6 Ke5
34.Qh6xg5 Rd8g8
35.Qg5e3 Kf6
36.Rf1e1 Qc8f8
37.d4 cxd4
38.Qe3xd4 Ke7
39.f3 Qf8d8
40.Qd4e5 Qd8b6
41.Kh1 Ra8d8
42.Re1e2 Qb6d4
43.Qe5c7 Rd8d7
44.Qc7a5 Qd4d3
45.Rc1e1 Rd7d6
46.Qa5c7 Rd6d7
47.Re2xe6 { abandon }1-0

[Event "Tournoi n27361"]
[Site "www.echecsemail.com"]
[Date "2026.01.01"]
[Round "1"]
[White "Wenoketo"]
[Black "Patau"]
[WhiteElo "1640"]
[BlackElo "1670"]
[Result "0-1"]
1.d4 f5
2.Ng1f3 g6
3.h3 Bf8g7
4.e3 Ng8f6
5.Bf1e2 O-O
6.O-O d5
7.Nb1c3 c5
8.dxc5 Nb8c6
9.a3 Bc8e6
10.Bc1d2 Nf6e4
11.Nc3xe4 fxe4
12.Nf3e1 Qd8d7
13.c3 Be6xh3
14.gxh3 Qd7xh3
15.Ne1g2 Bg7e5
16.f4 exf3
17.Rf1xf3 Be5h2
18.Kf1 Nc6e5
19.Rf3xf8 Ra8xf8
20.Be2f3 Rf8xf3
21.Ke2 Qh3xg2
{ abandon }0-1